| 000 | 00466nam a22001337a 4500 | ||
|---|---|---|---|
| 040 | _cNUST | ||
| 082 |
_a200 _bTHE |
||
| 100 |
_aNatasha Saeed _9126062 |
||
| 110 |
_aSupervisor Dr. Ali Hassan Co-Supervisor Dr. Ahsan Shahzad _9126063 |
||
| 245 | _aTH-SOF-2308-Multi-location Smartphone-based Activities of Daily Life Recognition using Deep Learning Techniques | ||
| 260 |
_aISLAMABAD: _bNUST COLLEGE OF EME, _c2024. |
||
| 650 |
_aMS-CSE-22 _9126064 |
||
| 942 |
_2ddc _cTHE |
||
| 999 |
_c611785 _d611785 |
||